[Event "Edmonton-ch"]
[Site "Edmonton"]
[Date "2018.01.11"]
[Round "1.2"]
[White "Bertrand, Daryl"]
[Black "Briones, Dante"]
[Result "1-0"]
[WhiteElo "1908"]
[BlackElo "1971"]
[PlyCount "67"]
[EventDate "2018.01.04"]
[EventType "k.o."]
[EventRounds "4"]
[EventCountry "CAN"]
[SourceTitle "EXT 2024"]
[Source "ChessBase"]
[SourceDate "2023.10.10"]
[SourceVersion "1"]
[SourceVersionDate "2023.10.10"]
[SourceQuality "1"]

1. e4 c5 2. d4 cxd4 3. c3 dxc3 4. Nxc3 Nc6 5. Nf3 e6 6. Bc4 d6 7. 0-0 a6 8. Qe2 Nf6 9. Rd1 Bd7 10. Bf4 e5 11. Ng5 Bg4 12. Bxf7+ Ke7 13. f3 exf4 14. fxg4 Ne5 15. Nd5+ Nxd5 16. Bxd5 Kf6 17. Ne6 Qb6+ 18. Kh1 g5 19. Rac1 Rb8 20. Rf1 Kg6 21. h3 h5 22. gxh5+ Rxh5 23. Rxf4 Rh8 24. Nxg5 Bh6 25. Ne6 Bxf4 26. Nxf4+ Kf6 27. Bb3 Qd8 28. Nd5+ Kg6 29. Nf4+ Kf6 30. Rc7 Qe8 31. Qf2 Rh6 32. Nh5+ Kg5 33. Qf5+ Kh4 34. g3# 1-0

[Event "Alberta op"]
[Site "Edmonton"]
[Date "2017.10.09"]
[Round "6"]
[White "Bertrand, Daryl"]
[Black "Rohatynski, Jordan"]
[Result "1-0"]
[WhiteElo "1984"]
[BlackElo "1605"]
[PlyCount "57"]
[EventDate "2017.10.07"]
[EventType "swiss"]
[EventRounds "6"]
[EventCountry "CAN"]
[SourceTitle "EXT 2019"]
[Source "ChessBase"]
[SourceDate "2018.10.10"]
[SourceVersion "1"]
[SourceVersionDate "2018.10.10"]
[SourceQuality "1"]

1. e4 e5 2. Nf3 Nf6 3. Nxe5 Qe7 4. Nf3 Nxe4 5. Be2 g6 6. 0-0 Nc5 7. d4 Ne4 8. Bd3 d5 9. c4 c6 10. cxd5 cxd5 11. Re1 Bg7 12. Nc3 Be6 13. Bxe4 dxe4 14. Rxe4 0-0 15. Bf4 Qd7 16. Qe1 Nc6 17. Ne5 Nxe5 18. dxe5 Bf5 19. Rd1 Qc6 20. Red4 Qb6 21. Qd2 Rfe8 22. Nd5 Qd8 23. Bg5 Qb8 24. Nf6+ Bxf6 25. Bxf6 Rxe5 26. Rd8+ Qxd8 27. Qxd8+ Rxd8 28. Rxd8+ Re8 29. Rxe8# 1-0

[Event "Ottawa RA Spring op"]
[Site "Ottawa"]
[Date "2013.02.16"]
[Round "2"]
[White "Bertrand, Daryl"]
[Black "Wan, Kevin"]
[Result "0-1"]
[WhiteElo "2162"]
[BlackElo "2162"]
[PlyCount "108"]
[EventDate "2013.02.15"]
[EventType "swiss"]
[EventRounds "5"]
[EventCountry "CAN"]
[SourceTitle "EXT 2022"]
[Source "ChessBase"]
[SourceDate "2021.10.06"]
[SourceVersion "1"]
[SourceVersionDate "2021.10.06"]
[SourceQuality "1"]

1. Nh3 d5 2. g3 Nf6 3. d4 e6 4. Bg2 c5 5. 0-0 Nc6 6. dxc5 Bxc5 7. c4 dxc4 8. Qa4 Bd7 9. Qxc4 Bb6 10. Rd1 Rc8 11. Qh4 Nd4 12. Na3 Nxe2+ 13. Kf1 Nxc1 14. Bxb7 Bb5+ 15. Ke1 Nd3+ 16. Kf1 Nxf2+ 17. Nxb5 Nxd1 18. Bxc8 Qd2 19. Nd6+ Ke7 20. Nc4 Qd3+ 21. Ke1 g5 22. Rxd1 Qxd1+ 23. Kxd1 gxh4 24. Bb7 hxg3 25. hxg3 Rg8 26. Ne5 Rxg3 27. Nf4 h5 28. Ne2 Rg8 29. a4 h4 30. a5 Be3 31. Bh1 Ng4 32. Nc6+ Kf6 33. Nc3 Nf2+ 34. Ke2 Nxh1 35. Ne4+ Kg7 36. Kxe3 Ng3 37. Nf2 Nf5+ 38. Kf4 Rc8 39. Ne5 Rc2 40. Ned3 Rd2 41. Ke4 Kf8 42. b4 Ke7 43. Kf3 h3 44. Ne5 h2 45. Nh1 Rb2 46. a6 f6 47. Nc6+ Kd6 48. Nxa7 Rxb4 49. Kg2 Rb2+ 50. Kh3 Kc7 51. Kg4 Rb1 52. Nf2 h1Q 53. Nxh1 Rxh1 54. Nb5+ Kb6 0-1

[Event "National Capital op"]
[Site "Ottawa"]
[Date "2009.12.04"]
[Round "1"]
[White "Bertrand, Daryl"]
[Black "Voloaca, Mihnea"]
[Result "0-1"]
[WhiteElo "2084"]
[BlackElo "2296"]
[PlyCount "80"]
[EventDate "2009.12.04"]
[EventType "swiss"]
[EventRounds "5"]
[EventCountry "CAN"]
[SourceTitle "EXT 2011"]
[Source "ChessBase"]
[SourceDate "2010.11.26"]
[SourceVersion "1"]
[SourceVersionDate "2010.11.26"]
[SourceQuality "1"]

1. e4 c5 2. d4 cxd4 3. c3 d3 4. Bxd3 d6 5. Nf3 Nd7 6. 0-0 Ngf6 7. Bc4 e6 8. Qe2 Qc7 9. Na3 a6 10. Nc2 b5 11. Bb3 Bb7 12. Nd2 Nc5 13. f3 Be7 14. Ne3 Nxb3 15. axb3 d5 16. exd5 Nxd5 17. Nxd5 Bxd5 18. c4 Bc6 19. Ne4 0-0 20. Be3 Qe5 21. Rfd1 Rfc8 22. Bd4 Qc7 23. Rac1 Qb7 24. c5 Rd8 25. Ng3 Rd5 26. Qe3 Rad8 27. Rd2 Bg5 28. f4 Bxf4 29. Qxf4 e5 30. Bxe5 Rxd2 31. Bxg7 Rxg2+ 32. Kf1 Qd7 33. Ne4 Qd3+ 34. Kxg2 Qxe4+ 35. Qxe4 Bxe4+ 36. Kg3 Kxg7 37. c6 f5 38. Kf4 Kf6 39. c7 Rc8 40. Rc5 Ke6 0-1

[Event "Canadian op"]
[Site "Edmonton"]
[Date "2005.07.16"]
[Round "9"]
[White "Bertrand, Daryl"]
[Black "Gulati, Justin"]
[Result "1-0"]
[WhiteElo "1987"]
[BlackElo "2122"]
[PlyCount "73"]
[EventDate "2005.07.09"]
[EventType "swiss"]
[EventRounds "10"]
[EventCountry "CAN"]
[SourceTitle "CBM 107 Extra"]
[Source "ChessBase"]
[SourceDate "2005.09.01"]
[SourceVersion "1"]
[SourceVersionDate "2005.09.01"]
[SourceQuality "1"]

1. e4 g6 2. d4 Bg7 3. Nc3 d6 4. h3 a6 5. Nf3 b5 6. Be2 Bb7 7. e5 Qd7 8. Be3 b4 9. Nb1 Nc6 10. exd6 cxd6 11. Nbd2 Nf6 12. 0-0 Nd5 13. Nc4 Qc7 14. Qd2 h6 15. a3 f5 16. Bd3 Nxe3 17. fxe3 d5 18. Nce5 Nxe5 19. Nxe5 Bxe5 20. dxe5 bxa3 21. Rxa3 Qxe5 22. Qb4 Qc7 23. Rc3 Qd7 24. Qb6 Qd6 25. Qxb7 Kf7 26. Qc6 Qe5 27. e4 dxe4 28. Bxe4 Kg7 29. Bd3 Rab8 30. Qxa6 Rxb2 31. Rc6 Qe3+ 32. Kh1 Qg5 33. Re1 Rbb8 34. Rxg6+ Qxg6 35. Rxe7+ Qf7 36. Rxf7+ Kxf7 37. Bxf5 1-0

[Event "University of Alberta op"]
[Site "Edmonton"]
[Date "2005.05.08"]
[Round "4"]
[White "Bertrand, Daryl"]
[Black "Kazakevich, Anastasia"]
[Result "1/2-1/2"]
[WhiteElo "2010"]
[BlackElo "1999"]
[PlyCount "73"]
[EventDate "2005.05.07"]
[EventType "swiss"]
[EventRounds "5"]
[EventCountry "CAN"]
[SourceTitle "CBM 106 Extra"]
[Source "ChessBase"]
[SourceDate "2005.07.01"]
[SourceVersion "1"]
[SourceVersionDate "2005.07.01"]
[SourceQuality "1"]

1. e4 c5 2. Nf3 e6 3. c3 d5 4. Bb5+ Bd7 5. Qe2 dxe4 6. Bxd7+ Qxd7 7. Qxe4 Nf6 8. Qe2 Nc6 9. 0-0 Bd6 10. d4 cxd4 11. Rd1 dxc3 12. Nxc3 Qe7 13. Nb5 Bc5 14. Bf4 0-0 15. Bg5 Rfd8 16. Rdc1 Bb6 17. Rc4 a6 18. Nc3 Nd4 19. Qe5 Nxf3+ 20. gxf3 Rd3 21. Rc1 Rad8 22. Kg2 h6 23. Bh4 Bd4 24. Rxd4 R3xd4 25. Ne4 Kf8 26. Rc7 R4d7 27. Nxf6 Rxc7 28. Nh7+ Kg8 29. Bxe7 Rxe7 30. Nf6+ gxf6 31. Qxf6 Red7 32. Qxh6 Rd5 33. Qh4 Rc8 34. Qe4 b5 35. b3 Rg5+ 36. Kf1 Rd5 37. Kg2 1/2-1/2

[Event "Winnipeg Easter op"]
[Site "Winnipeg"]
[Date "2005.04.17"]
[Round "4"]
[White "Bertrand, Daryl"]
[Black "Zaczek, Jonathon"]
[Result "1-0"]
[WhiteElo "1942"]
[BlackElo "2025"]
[PlyCount "85"]
[EventDate "2005.04.15"]
[EventType "swiss"]
[EventRounds "5"]
[EventCountry "CAN"]
[SourceTitle "EXT 2006"]
[Source "ChessBase"]
[SourceDate "2005.11.24"]
[SourceVersion "1"]
[SourceVersionDate "2005.11.24"]
[SourceQuality "1"]

1. e4 c5 2. Nf3 d6 3. Bb5+ Bd7 4. Qe2 e6 5. c3 a6 6. Bxd7+ Nxd7 7. d4 cxd4 8. cxd4 Ngf6 9. Nc3 e5 10. 0-0 Be7 11. Rd1 exd4 12. Nxd4 0-0 13. Nf5 Re8 14. Nxd6 Bxd6 15. Rxd6 Qa5 16. Be3 Ne5 17. Rad1 Neg4 18. f3 Nxe3 19. Qxe3 b5 20. Qg5 h6 21. Qf5 Rad8 22. Qc5 Rc8 23. Qb6 Qb4 24. R1d2 Ra8 25. R6d4 Qe7 26. Nd5 Nxd5 27. Rxd5 Rec8 28. g3 Qb4 29. Qd4 Qxd4+ 30. R5xd4 Rc1+ 31. Kf2 Ra7 32. e5 Rac7 33. Ke3 Kf8 34. f4 Ke7 35. Rd6 a5 36. a3 b4 37. axb4 axb4 38. Rb6 R1c4 39. f5 R7c6 40. Rxc6 Rxc6 41. Rd4 Rc5 42. Rxb4 Rxe5+ 43. Re4 1-0

[Event "Winnipeg Easter op"]
[Site "Winnipeg"]
[Date "2005.04.17"]
[Round "5"]
[White "Rutter, Blair A"]
[Black "Bertrand, Daryl"]
[Result "0-1"]
[WhiteElo "1760"]
[BlackElo "1942"]
[PlyCount "88"]
[EventDate "2005.04.15"]
[EventType "swiss"]
[EventRounds "5"]
[EventCountry "CAN"]
[SourceTitle "EXT 2006"]
[Source "ChessBase"]
[SourceDate "2005.11.24"]
[SourceVersion "1"]
[SourceVersionDate "2005.11.24"]
[SourceQuality "1"]

1. c4 e6 2. g3 d5 3. cxd5 exd5 4. Bg2 Be7 5. d4 c6 6. Nc3 Nf6 7. f4 Bf5 8. Nf3 Ne4 9. Qb3 Qc7 10. Bd2 Nd7 11. Rc1 Qb6 12. e3 Ndf6 13. Ne5 Qxb3 14. axb3 Nxc3 15. bxc3 Be4 16. Nf3 0-0 17. Ke2 c5 18. Rhg1 c4 19. bxc4 dxc4 20. Ne5 Bxg2 21. Rxg2 b5 22. Rgg1 Ne4 23. Ra1 Rfc8 24. Rgb1 a6 25. Kd1 b4 26. Kc2 a5 27. Ra4 f6 28. Nf3 b3+ 29. Kb2 Bd8 30. Rf1 Rab8 31. Bc1 Be7 32. Bd2 Rb5 33. Rfa1 Bd8 34. Rc1 Nf2 35. Ne1 Rh5 36. h4 g5 37. fxg5 fxg5 38. e4 gxh4 39. gxh4 Rxh4 40. e5 Re4 41. Kb1 Re2 42. Bf4 b2 43. Rc2 Rxe1+ 44. Kxb2 Nd3+ 0-1

[Event "Winnipeg Easter op"]
[Site "Winnipeg"]
[Date "2005.04.16"]
[Round "3"]
[White "Khedkar, Jay S"]
[Black "Bertrand, Daryl"]
[Result "0-1"]
[WhiteElo "1970"]
[BlackElo "1942"]
[PlyCount "74"]
[EventDate "2005.04.15"]
[EventType "swiss"]
[EventRounds "5"]
[EventCountry "CAN"]
[SourceTitle "EXT 2006"]
[Source "ChessBase"]
[SourceDate "2005.11.24"]
[SourceVersion "1"]
[SourceVersionDate "2005.11.24"]
[SourceQuality "1"]

1. e4 g6 2. d4 Bg7 3. Nc3 c6 4. f4 d5 5. e5 Qb6 6. Nf3 Nh6 7. Be2 f6 8. 0-0 0-0 9. Na4 Qc7 10. c4 Be6 11. Nc5 Bf7 12. e6 Be8 13. Qb3 b6 14. Nd3 Qd6 15. cxd5 cxd5 16. Nb4 Bc6 17. Bd3 Qxe6 18. Re1 Qf7 19. Bd2 Bb7 20. Rac1 e6 21. Bb5 a6 22. Bc6 Nxc6 23. Nxc6 b5 24. Bb4 Rfe8 25. Na5 Rac8 26. Rxc8 Bxc8 27. Rc1 Bf8 28. Rc6 Nf5 29. Qc3 Bxb4 30. Qxb4 Bb7 31. Rb6 Re7 32. g4 Ne3 33. Qd6 Bc8 34. Rb8 Re8 35. g5 fxg5 36. Nxg5 Qf5 37. h3 Qc2 0-1

[Event "Ottawa Futurity"]
[Site "Ottawa"]
[Date "2004.08.10"]
[Round "2"]
[White "Bertrand, Daryl"]
[Black "Laming, Ryan"]
[Result "1-0"]
[WhiteElo "1935"]
[BlackElo "1747"]
[PlyCount "35"]
[EventDate "2004.08.??"]
[EventType "schev"]
[EventRounds "5"]
[EventCountry "CAN"]
[SourceTitle "EXT 2006"]
[Source "ChessBase"]
[SourceDate "2005.11.24"]
[SourceVersion "1"]
[SourceVersionDate "2005.11.24"]
[SourceQuality "1"]

1. e4 c5 2. Nf3 d6 3. Bb5+ Nc6 4. 0-0 Nf6 5. d4 cxd4 6. Nxd4 Bd7 7. Nc3 g6 8. Kh1 Bg7 9. f4 Nxd4 10. Qxd4 Bxb5 11. Nxb5 0-0 12. Qd3 Nd7 13. f5 Nc5 14. Qd5 Qb6 15. fxg6 Qxb5 16. Rxf7 Qf1+ 17. Rxf1+ Kh8 18. Be3 1-0

[Event "Two Weekends Before Christmas"]
[Site "Edmonton"]
[Date "2001.12.16"]
[Round "4"]
[White "Deimert, Elroy"]
[Black "Bertrand, Daryl"]
[Result "0-1"]
[WhiteElo "1722"]
[BlackElo "1885"]
[PlyCount "54"]
[EventDate "2001.12.15"]
[EventType "swiss"]
[EventRounds "5"]
[EventCountry "CAN"]
[SourceTitle "EXT 2017"]
[Source "ChessBase"]
[SourceDate "2016.10.25"]
[SourceVersion "1"]
[SourceVersionDate "2016.10.25"]
[SourceQuality "1"]

1. e4 e5 2. Nf3 Nc6 3. Bc4 Nf6 4. Ng5 d5 5. exd5 Na5 6. Bb5+ c6 7. dxc6 bxc6 8. Be2 h6 9. Nf3 e4 10. Ne5 Qd4 11. f4 Nd5 12. c3 Qb6 13. g3 Bc5 14. d4 exd3 15. Nxd3 Ne3 16. Bxe3 Bxe3 17. Nd2 Bh3 18. Bf3 0-0-0 19. Qc2 Rxd3 20. Qxd3 Rd8 21. Qc2 Bxd2+ 22. Qxd2 Rxd2 23. Kxd2 Nc4+ 24. Kd3 Bf5+ 25. Kxc4 Qb5+ 26. Kd4 Qd3+ 27. Ke5 f6# 0-1

[Event "Two Weekends Before Christmas"]
[Site "Edmonton"]
[Date "2001.12.15"]
[Round "1"]
[White "Bertrand, Daryl"]
[Black "Dewindt, Cor"]
[Result "1-0"]
[WhiteElo "1885"]
[BlackElo "1473"]
[PlyCount "71"]
[EventDate "2001.12.15"]
[EventType "swiss"]
[EventRounds "5"]
[EventCountry "CAN"]
[SourceTitle "EXT 2017"]
[Source "ChessBase"]
[SourceDate "2016.10.25"]
[SourceVersion "1"]
[SourceVersionDate "2016.10.25"]
[SourceQuality "1"]

1. e4 d5 2. exd5 Qxd5 3. Nc3 Qd8 4. d4 Nf6 5. Bc4 e6 6. Nf3 c6 7. 0-0 Be7 8. Ne5 Nbd7 9. Qe2 Nb6 10. Rd1 Nbd5 11. Bb3 0-0 12. Bg5 Qc7 13. Bh4 Ne8 14. Bg3 Qd8 15. Ne4 f6 16. c4 Ndc7 17. Nf3 f5 18. Nc3 f4 19. d5 fxg3 20. dxc6 gxh2+ 21. Kh1 Bd6 22. c5 Qe7 23. cxd6 Nxd6 24. Nd4 Rf6 25. Nd5 Nxd5 26. Bxd5 bxc6 27. Nxc6 Qf8 28. Ne7+ Qxe7 29. Bxa8 Bb7 30. Rxd6 Bxa8 31. Rad1 Bxg2+ 32. Kxh2 Bf3 33. Rd8+ Kf7 34. Qb5 Qc7+ 35. R1d6 Qc1 36. Qe8# 1-0